000 00795cam a2200229 4500
001 B2608
008 090401t1988 xxu||||| |||| 00| 0 eng d
035 _a(Sirsi) u51141
041 _aeng
050 _a347.4109
110 _aChartered Institute of Arbitrators
_91994
245 _aChartered Surveyors Arbitration Scheme : how it works
260 _aLondon
_bChartered Institute of Arbitrators
_c1988
300 _a(4)p. ; 21cm.
350 _a0
520 _aAccompanied by Explanatory Notes and Rules, sample application form and Notes for Members.
650 _aMANAGEMENT-DISPUTE AVOIDANCE, MANAGEMENT AND RESOLUTION-DISPUTE MANAGEMENT AND RESOLUTION-ARBITRATION
650 _aROYAL INSTITUTION OF CHARTERED SURVEYORS
650 _aSURVEYORS
942 _n0
948 _c04/03/1997
999 _c92827
_d92827